Grands Canaux de Transport - Statistiques

Statistiques générales
  • Ce quiz a été pris 14 fois
  • Le résultat moyen est 21 sur 25
Statistiques - réponses
Canal Pays % Correct
Canal au Rhin France
93%
Canal de Bourgogne France
93%
Canal de la Marne France
93%
Canal de Midi France
93%
Canal du Centre France
93%
Canal du Nord France
93%
Canal Dunkerque-Escault France
93%
Caneaux Bretons France
93%
Grand Canal d'Alsace France
93%
Canal Lingqu Chine
86%
Grand Canal Chine
86%
Canal de Suez Egypte
86%
Canal de Panama Panama
86%
Canal Saint Laurent Seaway Canada et États Unis
79%
Voies navigables des Grands Lacs Canada et États-Unis
79%
Canal Houston Ship États Unis
79%
Canal de Saimaa Finlande et Russie
79%
Canal de Moscou Russie
79%
Voie navigable Volga-Baltique Russie
79%
Canal Welland Canada
71%
Canal de la Mer du Nord Pays Bas
71%
Canal de Vinh Tê Viêt Nam
71%
Canal Kiel Allemagne
64%
Canal Meno-Danube Allemagne
64%
Canal de Corinto Grece
64%
Aucun quiz correspondant
Distribution des résultats
% des personnes avec chaque résultat
Percentile par nombre de réponses
Votre historique - résultats
Vous n’avez pas pris ce quiz